Seattle - Choix multiples - Statistiques

Statistiques générales
  • Ce quiz a été pris 2 854 fois
    2 845 depuis la dernière actualisation
  • Le résultat moyen est 7 sur 10
Statistiques - réponses
Question Réponse % Correct
De quel groupe Kurt Cobain, autre membre du club des 27, décédé à Seattle, était-il le leader ? Nirvana
87%
Quelle est la plus célèbre tour de Seattle ?
86%
Quel milliardaire né à Seattle a cofondé Microsoft ? Bill Gates
82%
Quelle série se déroulant à Seattle a pour personnage principal une chirurgienne prénommée Meredith ? Grey's Anatomy
81%
Dans quel État se situe la ville de Seattle ? Washington
81%
Pourquoi la ville est-elle surnommée la cité émeraude ? A cause des forêts verdoyantes qui l'entourent
67%
Comment se nomme la franchise de football américain de Seattle ? Seahawks
66%
Quel est le nom de cette tour ? Space Needle
65%
Quel membre du club des 27, né à Seattle, est connu notamment pour ses chansons "Hey Joe" et "Purple Haze" ? Jimi Hendrix
64%
Quel est le nom du poisson et mascotte du site de quiz JetPunk, qui a été créé à Seattle ? Jeppy
44%
Aucun quiz correspondant
Distribution des résultats
% des personnes avec chaque résultat
Percentile par nombre de réponses
Votre historique - résultats
Vous n’avez pas pris ce quiz depuis la dernière actualisation